000 00297nam a22001217a 4500
020 _a978-81-922808-0-6
082 _a158
_bRUP/5
100 _aRUPANI,NANIK
245 _aSUCCESS IS OUR BIRTHRIGHT
260 _aBOMBAY
_bPRIYADARSHNI ACADEMY
650 _aPERSONALITY DEVELOPMENT
_zBOMBAY
942 _cBK
999 _c5428
_d5428